Loading...
| Science - Chemistry | 0 | 5 | 2 | 0 | 40 | 38 | 83.80 | 1 | 3 | 9.98 | 27.40 |
| Science - Other | 0 | 4 | 0 | 1 | 40 | 76 | 98.00 | 1 | 2 | 5.72 | 11.87 |
| Fine Arts - Classical Music | 0 | 3 | 0 | 0 | 30 | 14 | 59.00 | 1 | 1 | 14.42 | 18.31 |
| History - Other | 0 | 3 | 0 | 0 | 30 | 67 | 93.33 | 0 | 0 | 4.60 | 10.86 |
| History - European | 0 | 2 | 0 | 0 | 20 | 62 | 74.50 | 0 | 0 | 5.79 | 8.33 |
| History - World | 0 | 2 | 0 | 1 | 20 | 41 | 76.00 | 0 | 0 | 5.61 | 7.70 |
| Science - Physics | 0 | 2 | 1 | 0 | 15 | 49 | 75.50 | 0 | 0 | 5.73 | 4.55 |
| Literature - British | 0 | 1 | 0 | 0 | 10 | 102 | 102.00 | 0 | 0 | 1.73 | 2.02 |
| Mythology | 0 | 1 | 0 | 0 | 10 | 74 | 74.00 | 0 | 1 | 3.53 | 5.68 |
| Popular Culture | 0 | 1 | 0 | 0 | 10 | 38 | 38.00 | 1 | 1 | 13.09 | 17.50 |
| Science - Biology | 0 | 1 | 0 | 0 | 10 | 54 | 54.00 | 0 | 1 | 3.87 | 5.68 |
| Literature - American | 0 | 1 | 0 | 0 | 10 | 106 | 106.00 | 0 | 0 | 0.41 | 4.04 |
| History - American | 0 | 1 | 0 | 0 | 10 | 58 | 58.00 | 0 | 0 | 4.47 | 3.41 |
| Geography | 0 | 0 | 1 | 0 | -5 | 0.00 | 0 | 0 | 0.00 | 0.00 |